| 000 | 00497 a2200157 4500 | ||
|---|---|---|---|
| 999 |
_c5898 _d5898 |
||
| 020 | _a9789351111573 | ||
| 050 | _aSH255BAA2013 | ||
| 100 |
_aBaalachandran , P.S _eauthor |
||
| 245 |
_aProduction of fish in developing countries / _bP S Baalachandran |
||
| 264 |
_aNew Delhi : _bRandom Publications, _c2013 |
||
| 300 | _a280p. : | ||
| 500 | _aincludes index | ||
| 650 | _aFishery products -- Developing countries. | ||
| 650 | _a Fisheries -- Developing countries. | ||
| 942 |
_2lcc _cBK _h255 _iBAA _kSH |
||